Missing Word: Missing Clothes Quiz Stats

 Plays Quiz Updated Mar 5, 2016

Challenge
Share
Tweet
Embed
Score 0/16 Timer 02:00
0 Plays Today
Naked Thing Missing Word % Correct
Barenaked ___Ladies
92%
The Naked ___Gun
85.3%
Naked as a ___Jaybird
41.1%
The Naked ___Chef
38.9%
The Naked and the ___Dead
31.6%
The Naked ___ BandBrothers
26%
Naked ___Lunch
22.8%
Naked ___Bootleg
20.7%
Naked Thing Missing Word % Correct
Naked ___City
20.5%
The Naked ___Ape
15%
Naked ___Eyes
7.1%
Naked ___Science
3.8%
Naked Came the ___Stranger
3.5%
The Naked ___Jungle
3.2%
The Naked ___Spur
1.5%
Naked ___Raygun
0.7%

Today's Daily Dose

You're not logged in!

Compare scores with friends on all Sporcle quizzes.
OR
Log In

You Might Also Like...

Show Comments

Extras

Top Quizzes Today


Score Distribution

Your Account Isn't Verified!

In order to create a playlist on Sporcle, you need to verify the email address you used during registration. Go to your Sporcle Settings to finish the process.

Report this User

Report this user for behavior that violates our Community Guidelines.

Details: